[Event "Lloyds Bank Masters 18th"]
[Site "London"]
[Date "1994.08.26"]
[Round "7"]
[White "Roberts, Paul"]
[Black "Bates, Richard"]
[Result "1/2-1/2"]
[WhiteElo "2170"]
[BlackElo "2285"]
[PlyCount "99"]
[EventDate "1994.08.20"]
[EventType "swiss"]
[EventRounds "10"]
[EventCountry "ENG"]
[SourceTitle "BritBase"]

1. e4 c5 2. c3 e6 3. d4 d5 4. exd5 exd5 5. Nf3 Bd6 6. Be3 c4 7. b3 cxb3 8. axb3
Nf6 9. Nbd2 Nc6 10. Bd3 O-O 11. O-O Ne7 12. Qc2 Ng6 13. Rfe1 Nf4 14. Bxf4 Bxf4
15. Ne5 g6 16. Ndf3 Bh6 17. c4 Be6 18. c5 Ne8 19. b4 Ng7 20. h3 Nf5 21. b5 Bg7
22. c6 bxc6 23. Nxc6 Qc7 24. Qc5 Qf4 25. Rxa7 Rxa7 26. Qxa7 Nd6 27. b6 Bxh3 28.
gxh3 Qxf3 29. Qd7 Qxd3 30. Qxd6 Qc3 31. Re3 Qb2 32. Qc7 Bxd4 33. Nxd4 Qxd4 34.
b7 Qb4 35. Rc3 d4 36. Rc4 Qe1+ 37. Kg2 Qe4+ 38. Kg3 Qd3+ 39. f3 Qe3 40. b8=Q
Qg1+ 41. Kh4 Qe1+ 42. Kg4 h5+ 43. Kg5 Rxb8 44. Qxb8+ Kg7 45. Qc7 Qe3+ 46. Kh4
Kh6 47. Kg3 Qg1+ 48. Kf4 Qe3+ 49. Kg3 Qg1+ 50. Kf4 1/2-1/2

[Event "Lloyds Bank Masters 18th"]
[Site "London"]
[Date "1994.08.26"]
[Round "7"]
[White "Thipsay, Praveen Mahadeo"]
[Black "Kaminski, Marcin"]
[Result "1-0"]
[WhiteElo "2505"]
[BlackElo "2440"]
[PlyCount "67"]
[EventDate "1994.08.20"]
[EventType "swiss"]
[EventRounds "10"]
[EventCountry "ENG"]
[SourceTitle "BritBase"]

1. e4 e6 2. d4 d5 3. e5 c5 4. c3 Nc6 5. Nf3 Bd7 6. Be2 cxd4 7. cxd4 Nge7 8. Nc3
Nf5 9. O-O Be7 10. Bd3 g6 11. Bxf5 gxf5 12. Ne2 Rg8 13. Rb1 Na5 14. Re1 Nc4 15.
Nf4 Qa5 16. a3 Qb6 17. Qd3 O-O-O 18. Nh5 Rg4 19. Bf4 Kb8 20. h3 Rg6 21. Nf6 Ka8
22. Nxh7 Rh8 23. Nhg5 Rhg8 24. h4 f6 25. exf6 Bxf6 26. g3 Nd6 27. Bxd6 Qxd6 28.
Ne5 R6g7 29. Nxd7 Qxd7 30. Nxe6 Rg4 31. Qxf5 Bxh4 32. Re3 Bd8 33. Rc1 Bb6 34.
Nc7+ 1-0

[Event "Lloyds Bank Masters 18th"]
[Site "London"]
[Date "1994.08.26"]
[Round "7"]
[White "Tilak, Sharad S"]
[Black "Jakubovics, Nicholas"]
[Result "1-0"]
[WhiteElo "2415"]
[BlackElo "2255"]
[PlyCount "85"]
[EventDate "1994.08.20"]
[EventType "swiss"]
[EventRounds "10"]
[EventCountry "ENG"]
[SourceTitle "BritBase"]

1. e4 e5 2. Nf3 Nc6 3. Bb5 a6 4. Ba4 Nf6 5. O-O Nxe4 6. d4 b5 7. Bb3 d5 8. dxe5
Be6 9. Nbd2 Nc5 10. c3 d4 11. Bxe6 Nxe6 12. cxd4 Ncxd4 13. Ne4 Be7 14. Be3 Nf5
15. Qc2 O-O 16. Nf6+ Bxf6 17. Qxf5 Be7 18. Rad1 Qc8 19. Qc2 c5 20. Nd2 Qc7 21.
f4 c4 22. Ne4 Bc5 23. Qf2 Rac8 24. f5 Bxe3 25. Qxe3 Qxe5 26. fxe6 f5 27. Qc3
Qxe4 28. Rd7 Rf6 29. Re1 Qc6 30. Qe5 Re8 31. Rd6 Qb7 32. Qd4 f4 33. Rd8 Qc6 34.
Rxe8+ Qxe8 35. e7 Kf7 36. Qd5+ Kg6 37. h4 h5 38. Re5 f3 39. gxf3 Kh6 40. Rxh5+
Qxh5 41. Qxh5+ Kxh5 42. e8=Q+ Kxh4 43. Qh8+ 1-0

[Event "Lloyds Bank Masters 18th"]
[Site "London"]
[Date "1994.08.26"]
[Round "7"]
[White "Walker, Mark I"]
[Black "Kinsman, Andrew PH"]
[Result "1/2-1/2"]
[WhiteElo "2225"]
[BlackElo "2375"]
[PlyCount "197"]
[EventDate "1994.08.20"]
[EventType "swiss"]
[EventRounds "10"]
[EventCountry "ENG"]
[SourceTitle "BritBase"]

1. g3 Nf6 2. Bg2 d5 3. Nf3 e6 4. d3 Be7 5. O-O O-O 6. b3 a5 7. a4 b6 8. Nbd2
Bb7 9. Re1 Na6 10. Bb2 Qc8 11. c3 Rd8 12. Qc2 h6 13. Rad1 Nc5 14. Ba3 Bf8 15.
d4 Nd3 16. Qxd3 Bxa3 17. Ne5 Bd6 18. Qb1 c5 19. e4 cxd4 20. cxd4 Bb4 21. Re3
Bxd2 22. Rxd2 Nxe4 23. Bxe4 dxe4 24. Rc2 Qb8 25. Nc6 Bxc6 26. Rxc6 Rxd4 27.
Rxe4 Qd8 28. Rxd4 Qxd4 29. Qf1 Rd8 30. Qb5 Rd6 31. Rxd6 Qxd6 32. h3 g6 33. h4
Kg7 34. Qe2 h5 35. Qb2+ e5 36. Qc2 Qd5 37. Qc3 Kf6 38. Qc2 e4 39. Qc3+ Kf5 40.
Qe3 Qc6 41. Qf4+ Ke6 42. Qe3 Kd7 43. Qd4+ Kc8 44. Qe5 Qe6 45. Qc3+ Kb7 46. Qd4
Kc6 47. Qc3+ Kd7 48. Qe3 Qd6 49. Kg2 Qb4 50. Kg1 Ke6 51. Kg2 Kd5 52. Qg5+ Ke6
53. Qe3 Kd7 54. Kg1 Kc6 55. Qc1+ Qc5 56. Qd2 Qd5 57. Qc3+ Kb7 58. Qe3 Qd3 59.
Qf4 Qd1+ 60. Kg2 Qxb3 61. Qxe4+ Kc7 62. Qe7+ Kc6 63. Qe8+ Kc5 64. Qe7+ Kd4 65.
Qf6+ Kd3 66. Qf3+ Kc2 67. Qe4+ Kb2 68. Qd4+ Ka3 69. Kh2 Qb2 70. Qf4 f6 71. Kg2
Kb3 72. Qe4 Qe5 73. Qb1+ Kxa4 74. Qxb6 Ka3 75. Qb1 g5 76. Qd3+ Kb4 77. Qd2+ Kc4
78. Qc2+ Kb5 79. Qb3+ Kc6 80. Qa4+ Kd6 81. hxg5 fxg5 82. f4 gxf4 83. gxf4 Qe2+
84. Kg3 Qe1+ 85. Kh3 Qh1+ 86. Kg3 Qe1+ 87. Kh3 Qh1+ 88. Kg3 h4+ 89. Kg4 h3 90.
Qxa5 Qg2+ 91. Kh4 h2 92. Qd8+ Kc5 93. Qa5+ Kd4 94. Qb4+ Ke3 95. Qc3+ Kxf4 96.
Qf6+ Ke3 97. Qc3+ Kf2 98. Qd4+ Ke1 99. Qa1+ 1/2-1/2

[Event "Lloyds Bank Masters 18th"]
[Site "London"]
[Date "1994.08.26"]
[Round "7"]
[White "Ward, Christopher R"]
[Black "Summerscale, Aaron"]
[Result "1-0"]
[WhiteElo "2490"]
[BlackElo "2440"]
[PlyCount "80"]
[EventDate "1994.08.20"]
[EventType "swiss"]
[EventRounds "10"]
[EventCountry "ENG"]
[SourceTitle "BritBase"]

1. d4 d5 2. c4 c6 3. Nc3 dxc4 4. e4 b5 5. a4 e5 6. Nf3 exd4 7. Qxd4 Qxd4 8.
Nxd4 b4 9. Nb1 Ba6 10. Be3 Nf6 11. f3 Nfd7 12. Nd2 Ne5 13. Rc1 Nbd7 14. f4 Ng4
15. Bg1 c3 16. Bxa6 cxd2+ 17. Kxd2 Nc5 18. Be2 Nxe4+ 19. Ke1 Ngf6 20. Bf3 Bd6
21. Nf5 Bxf4 22. Bxe4 O-O 23. Ne7+ Kh8 24. Rc4 Rfe8 25. Bc5 Nd7 26. Bxc6 Nxc5
27. Bxe8 Rxe8 28. Rxc5 Rxe7+ 29. Kd1 g6 30. g3 Rd7+ 31. Kc2 Rd2+ 32. Kb3 Be3
33. Rc2 Rd4 34. Re1 Bg5 35. Re5 Bd8 36. a5 Kg7 37. Rb5 a6 38. Rxb4 Rd5 39. Ra4
Bxa5 40. Ka2 Rb5 1-0

[Event "Lloyds Bank Masters 18th"]
[Site "London"]
[Date "1994.08.26"]
[Round "7"]
[White "Webb, Richard M"]
[Black "Murugan, Krishnamoorthy"]
[Result "1/2-1/2"]
[WhiteElo "2310"]
[BlackElo "2440"]
[PlyCount "40"]
[EventDate "1994.08.20"]
[EventType "swiss"]
[EventRounds "10"]
[EventCountry "ENG"]
[SourceTitle "BritBase"]

1. e4 c5 2. Nf3 Nc6 3. d4 cxd4 4. Nxd4 Nf6 5. Nc3 d6 6. Bc4 e6 7. Be3 Be7 8.
Qe2 a6 9. Bb3 O-O 10. O-O-O Qc7 11. g4 Nd7 12. g5 Nc5 13. Rhg1 Bd7 14. Qh5 g6
15. Qh6 Rfe8 16. Rg3 Bf8 17. Qh4 Be7 18. Qh6 Bf8 19. Qh4 Be7 20. Qh6 Bf8
1/2-1/2

[Event "Lloyds Bank Masters 18th"]
[Site "London"]
[Date "1994.08.26"]
[Round "7"]
[White "Wilson, Jonathan"]
[Black "Cooper, Lawrence"]
[Result "1/2-1/2"]
[WhiteElo "2190"]
[BlackElo "2320"]
[PlyCount "64"]
[EventDate "1994.08.20"]
[EventType "swiss"]
[EventRounds "10"]
[EventCountry "ENG"]
[SourceTitle "BritBase"]

1. d4 Nf6 2. c4 e6 3. Nc3 Bb4 4. e3 b6 5. Nge2 Ne4 6. Qc2 Bb7 7. a3 Bxc3+ 8.
Nxc3 Nxc3 9. Qxc3 O-O 10. b3 d6 11. Bb2 Nd7 12. O-O-O Qe7 13. f3 f5 14. Bd3 a5
15. Qc2 c5 16. d5 a4 17. dxe6 Qxe6 18. Rhe1 axb3 19. Qxb3 Bc6 20. Qc3 Rf7 21.
e4 f4 22. g3 Ne5 23. Be2 Ra4 24. Qb3 Ra6 25. Rd2 Ba4 26. Qc3 Raa7 27. Rg1 Rab7
28. gxf4 Rxf4 29. Rd5 Bc6 30. Rdd1 Ba4 31. Rd5 Bc6 32. Rdd1 Ba4 1/2-1/2

[Event "Lloyds Bank Masters 18th"]
[Site "London"]
[Date "1994.08.26"]
[Round "7"]
[White "Thurlow, Kevin J"]
[Black "Stirling, William J"]
[Result "1/2-1/2"]
[WhiteElo "2080"]
[BlackElo "2225"]
[PlyCount "36"]
[EventDate "1994.08.20"]
[EventType "swiss"]
[EventRounds "10"]
[EventCountry "ENG"]
[SourceTitle "Thurlow, Kevin"]

1. c4 g6 2. d4 Bg7 3. Nc3 Nf6 4. g3 O-O 5. Bg2 d6 6. e3 c5 7. Nge2 Nc6 8. O-O
Bd7 9. b3 Rb8 10. Bb2 a6 11. a4 b6 12. Qd2 Qc8 13. Nf4 Re8 14. Ncd5 Nxd5 15.
Nxd5 e6 16. Nf4 cxd4 17. exd4 e5 18. dxe5 dxe5 1/2-1/2

[Event "Lloyds Bank Masters 18th"]
[Site "London"]
[Date "1994.08.27"]
[Round "8"]
[White "Barnes, Michael"]
[Black "Kogan, Artur"]
[Result "0-1"]
[WhiteElo "2335"]
[BlackElo "2470"]
[PlyCount "58"]
[EventDate "1994.08.20"]
[EventType "swiss"]
[EventRounds "10"]
[EventCountry "ENG"]
[SourceTitle "BritBase"]

1. d4 Nf6 2. Nf3 e6 3. Bg5 h6 4. Bxf6 Qxf6 5. e4 Nc6 6. Bb5 a6 7. Be2 d6 8. Nc3
g5 9. d5 Ne5 10. dxe6 fxe6 11. Nxe5 Qxe5 12. Bh5+ Kd8 13. Qd3 Bg7 14. O-O b5
15. a3 Bb7 16. Rad1 Rf8 17. Qh3 Ke7 18. Rd3 a5 19. Re3 Qc5 20. Nd5+ exd5 21.
exd5+ Kd8 22. Qe6 Qxd5 23. Qe7+ Kc8 24. Bf3 Qf7 25. Qxf7 Rxf7 26. Re8+ Kd7 27.
Rxa8 Bxa8 28. Bxa8 c6 29. a4 Rf8 0-1

[Event "Lloyds Bank Masters 18th"]
[Site "London"]
[Date "1994.08.27"]
[Round "8"]
[White "Bartels, Hans A"]
[Black "Frias Pablaza, Victor J"]
[Result "1/2-1/2"]
[WhiteElo "2335"]
[BlackElo "2480"]
[PlyCount "118"]
[EventDate "1994.08.20"]
[EventType "swiss"]
[EventRounds "10"]
[EventCountry "ENG"]
[SourceTitle "BritBase"]

1. c4 c5 2. Nf3 g6 3. g3 Bg7 4. Bg2 Nc6 5. Nc3 d6 6. O-O Nh6 7. d4 cxd4 8. Bxh6
Bxh6 9. Nxd4 Nxd4 10. Qxd4 O-O 11. Rfd1 Bg7 12. Qe3 Bxc3 13. Qxc3 Qc7 14. Bd5
Rb8 15. h4 h5 16. Qe3 b6 17. Qh6 e6 18. Bf3 Bb7 19. Bxb7 Rxb7 20. Rac1 Rd8 21.
Rc3 Qe7 22. Rcd3 Rc7 23. b3 Rc5 24. Qd2 Rc6 25. e4 e5 26. Rd5 Kg7 27. Kg2 a6
28. a4 a5 29. f3 f6 30. Kg1 g5 31. Kh2 Kh7 32. Rg1 Rg8 33. Qe3 gxh4 34. gxh4 f5
35. Rxg8 Qxh4+ 36. Kg1 f4 37. Qf2 Qxf2+ 38. Kxf2 Kxg8 39. Kg2 Kf7 40. Kh3 Ke6
41. Rb5 Rc8 42. Rxb6 Rg8 43. c5 Rg3+ 44. Kh2 Rxf3 45. Rxd6+ Ke7 46. Rd5 Kf6 47.
c6 Rc3 48. Rxa5 Rxc6 49. Rb5 Kg5 50. Rxe5+ Kg4 51. Re8 Rc3 52. Kg1 Kf3 53. e5
Ke2 54. Rf8 f3 55. e6 Rc7 56. Rf5 Rg7+ 57. Kh2 f2 58. Re5+ Kd3 59. Rf5 Ke2
1/2-1/2

[Event "Lloyds Bank Masters 18th"]
[Site "London"]
[Date "1994.08.27"]
[Round "8"]
[White "Chandler, Murray G"]
[Black "Lodhi, Mahmood"]
[Result "1-0"]
[WhiteElo "2545"]
[BlackElo "2450"]
[PlyCount "119"]
[EventDate "1994.08.20"]
[EventType "swiss"]
[EventRounds "10"]
[EventCountry "ENG"]
[SourceTitle "BritBase"]

1. e4 e5 2. Nf3 Nc6 3. d4 exd4 4. Nxd4 Bc5 5. Nxc6 Qf6 6. Qd2 Qxc6 7. Bd3 Nf6
8. O-O O-O 9. Nc3 Bd4 10. Qf4 d6 11. Ne2 Bb6 12. Qh4 Re8 13. Nc3 Qc5 14. Bg5
Qe5 15. Bxf6 Qxf6 16. Qxf6 gxf6 17. Nd5 Kg7 18. a4 c6 19. Nxb6 axb6 20. f3 Re5
21. b4 f5 22. f4 Rxe4 23. Bxe4 fxe4 24. a5 b5 25. Rad1 d5 26. Kf2 f5 27. Ke3
Kf6 28. Kd4 Bd7 29. Rde1 Rg8 30. Rf2 Ke6 31. Re3 Be8 32. Rg3 Bg6 33. Kc5 Kd7
34. h4 Kc7 35. Kd4 Re8 36. Re2 Re6 37. Rg5 h6 38. Rg3 Kd6 39. Re1 Rf6 40. Rh1
Bh5 41. Rg7 Rf7 42. Rxf7 Bxf7 43. h5 Be8 44. Rh3 Bf7 45. Rg3 Bxh5 46. Rh3 Bg4
47. Rxh6+ Kc7 48. Rh7+ Kb8 49. Re7 Ka7 50. Kc5 Ka6 51. Re5 Ka7 52. c3 Ka6 53.
Re8 Ka7 54. a6 Bh5 55. Rh8 Bg4 56. axb7 Kxb7 57. Rh7+ Ka6 58. Kxc6 e3 59. Rh1
e2 60. Ra1# 1-0

[Event "Lloyds Bank Masters 18th"]
[Site "London"]
[Date "1994.08.27"]
[Round "8"]
[White "Cooper, Lawrence"]
[Black "Gasik, Renata"]
[Result "1-0"]
[WhiteElo "2320"]
[BlackElo "2155"]
[PlyCount "67"]
[EventDate "1994.08.20"]
[EventType "swiss"]
[EventRounds "10"]
[EventCountry "ENG"]
[SourceTitle "BritBase"]

1. e4 e6 2. d4 d5 3. Nd2 Nf6 4. e5 Nfd7 5. f4 c5 6. c3 b6 7. Ndf3 Be7 8. Bd3
Ba6 9. f5 Bxd3 10. Qxd3 exf5 11. Qxf5 g6 12. Qh3 Nf8 13. Ne2 Ne6 14. O-O Nc6
15. Be3 c4 16. Nd2 Qd7 17. b3 b5 18. a4 Na5 19. b4 Nb7 20. axb5 O-O 21. Rf2
Qxb5 22. Bh6 Ng7 23. Nf4 a5 24. bxa5 Rxa5 25. Rxa5 Nxa5 26. Qf3 Nb3 27. Nxd5
Bd8 28. Ne4 Kh8 29. Nd6 Qa6 30. Nf6 Be7 31. Nd7 Bxd6 32. exd6 Rg8 33. Ne5 Rf8
34. Qf6 1-0

[Event "Lloyds Bank Masters 18th"]
[Site "London"]
[Date "1994.08.27"]
[Round "8"]
[White "Duchovny, Eduard"]
[Black "Walker, Mark I"]
[Result "1/2-1/2"]
[WhiteElo "2335"]
[BlackElo "2225"]
[PlyCount "112"]
[EventDate "1994.08.20"]
[EventType "swiss"]
[EventRounds "10"]
[EventCountry "ENG"]
[SourceTitle "BritBase"]

1. d4 Nf6 2. Nf3 g6 3. Bg5 Bg7 4. Nbd2 d6 5. e4 O-O 6. Be2 Nbd7 7. O-O h6 8.
Bh4 e5 9. dxe5 dxe5 10. Ne1 Qe8 11. c3 a5 12. Qc2 Kh8 13. Bg3 Nh7 14. f4 exf4
15. Bxf4 Ne5 16. Nef3 Qe7 17. Kh1 Ng5 18. Rae1 Ngxf3 19. Nxf3 Kh7 20. Nxe5 Bxe5
21. Bc4 Bxf4 22. Rxf4 Be6 23. Bxe6 Qxe6 24. e5 Qxa2 25. c4 Rae8 26. Qf2 Kg8 27.
Rf1 Rxe5 28. h4 Qa4 29. Rxf7 Rf5 30. Rxf8+ Kxf8 31. Qe2 Qe8 32. Rxf5+ gxf5 33.
Qd2 Kg7 34. Qxa5 Qe7 35. Qc3+ Kg6 36. Qg3+ Kh5 37. Qf3+ Kxh4 38. Qf4+ Kh5 39.
Qf3+ Kg5 40. Qg3+ Kh5 41. Qf3+ Kg6 42. Qxb7 Qh4+ 43. Kg1 Qxc4 44. Qc8 Qc1+ 45.
Kh2 Qf4+ 46. Kg1 Kf6 47. Qa8 Ke5 48. Qc6 Qd4+ 49. Kh2 Qd6 50. Qc4 c5 51. b3 Qd4
52. Qb5 Ke4 53. Qe2+ Kd5 54. Qa6 Qf4+ 55. g3 Qf2+ 56. Kh3 f4 1/2-1/2

[Event "Lloyds Bank Masters 18th"]
[Site "London"]
[Date "1994.08.27"]
[Round "8"]
[White "Duncan, Christopher R"]
[Black "Hastings, Jonathan J"]
[Result "1/2-1/2"]
[WhiteElo "2300"]
[BlackElo "2215"]
[PlyCount "44"]
[EventDate "1994.08.20"]
[EventType "swiss"]
[EventRounds "10"]
[EventCountry "ENG"]
[SourceTitle "BritBase"]

1. e4 c6 2. d4 d5 3. Nd2 g6 4. h3 Bg7 5. e5 c5 6. f4 h5 7. g3 Nh6 8. Ndf3 Nc6
9. c3 cxd4 10. Nxd4 Nxd4 11. cxd4 Qb6 12. Bg2 e6 13. Ne2 Bd7 14. a4 Rc8 15. O-O
Nf5 16. Rf3 a6 17. Rc3 Rc6 18. Kh2 Bf8 19. Qd3 Rxc3 20. bxc3 Qb3 21. Rb1 Qxa4
22. Rxb7 Bb5 1/2-1/2

[Event "Lloyds Bank Masters 18th"]
[Site "London"]
[Date "1994.08.27"]
[Round "8"]
[White "Emms, John M"]
[Black "Jonsson, Hans"]
[Result "1/2-1/2"]
[WhiteElo "2535"]
[BlackElo "2390"]
[PlyCount "187"]
[EventDate "1994.08.20"]
[EventType "swiss"]
[EventRounds "10"]
[EventCountry "ENG"]
[SourceTitle "BritBase"]

1. e4 c5 2. Nf3 d6 3. d4 cxd4 4. Nxd4 Nf6 5. Nc3 Nc6 6. Bc4 Qb6 7. Nb3 e6 8.
Bg5 a6 9. O-O Ne5 10. Be2 Be7 11. Kh1 O-O 12. f4 Ng6 13. f5 Ne5 14. Qd2 Bd7 15.
Rad1 exf5 16. Nd4 Rac8 17. Bxf6 Bxf6 18. Nd5 Qd8 19. Nxf6+ Qxf6 20. Nxf5 Bxf5
21. exf5 d5 22. c3 Rcd8 23. Qf4 Rfe8 24. Rd2 h6 25. h3 Nc6 26. Bf3 g5 27. Qc7
Re7 28. Qb6 Qxf5 29. Rfd1 Qf4 30. Rxd5 Rde8 31. Rf1 Re1 32. Rd1 Rxf1+ 33. Rxf1
Re7 34. Kg1 Qc7 35. Qxc7 Rxc7 36. Rd1 Ne5 37. Be4 Kg7 38. Kf2 h5 39. Rd8 f5 40.
Bxf5 Rf7 41. g4 hxg4 42. hxg4 Nxg4+ 43. Kg3 Ne3 44. Bd3 Kf6 45. Rd6+ Ke5 46.
Rg6 g4 47. Be2 Rd7 48. Bxg4 Nxg4 49. Kxg4 Ke4 50. Re6+ Kd5 51. Re2 Kc4 52. Kf4
b5 53. Ke3 b4 54. cxb4 Kxb4 55. Rh2 Kb5 56. Rh5+ Kb6 57. Rh4 Rg7 58. Kd3 Rd7+
59. Kc3 Rc7+ 60. Kb4 Rg7 61. Rh6+ Kb7 62. Rh4 Rf7 63. b3 Rg7 64. a4 Rf7 65. Re4
Rh7 66. Re5 Rg7 67. Kc4 Rc7+ 68. Kb4 Rh7 69. Kc4 Rc7+ 70. Rc5 Rh7 71. b4 Rh4+
72. Kb3 Rh3+ 73. Rc3 Rh7 74. Rd3 Rg7 75. Rd4 Rc7 76. Rd5 Ka7 77. Rf5 Kb7 78.
Re5 Ka7 79. Rd5 Kb7 80. Rd4 Ka7 81. Rc4 Rh7 82. Kc3 Kb7 83. Rd4 Kc6 84. Rg4 Rh6
85. Rf4 Rd6 86. Kc4 Rh6 87. Kd4 Rd6+ 88. Ke5 Rd5+ 89. Ke4 Rd6 90. Rf5 Rh6 91.
Ke5 Rd6 92. Rf7 Rh6 93. Ra7 Rh5+ 94. Kd4 1/2-1/2

[Event "Lloyds Bank Masters 18th"]
[Site "London"]
[Date "1994.08.27"]
[Round "8"]
[White "Ferguson, Mark"]
[Black "Gurevich, Ilya"]
[Result "0-1"]
[WhiteElo "2330"]
[BlackElo "2570"]
[PlyCount "80"]
[EventDate "1994.08.20"]
[EventType "swiss"]
[EventRounds "10"]
[EventCountry "ENG"]
[SourceTitle "BritBase"]

1. d4 Nf6 2. Nf3 g6 3. Bf4 Bg7 4. h3 O-O 5. e3 d6 6. Be2 c5 7. c3 Be6 8. Nbd2
cxd4 9. exd4 Qb6 10. Qc1 Nc6 11. Nc4 Bxc4 12. Bxc4 e5 13. dxe5 Nxe5 14. Be2
Nxf3+ 15. Bxf3 Rfe8+ 16. Kf1 Ne4 17. Qc2 d5 18. Kg1 Rac8 19. Rd1 Bd4 20. Bxe4
Rxe4 21. Bg3 h5 22. Qd2 Bf6 23. Qxd5 Rce8 24. Qb3 Qxb3 25. axb3 h4 26. Bc7 Rc8
27. Bh2 Re2 28. Rb1 Rc5 29. Bf4 Rf5 30. Be3 a5 31. Bb6 Rb5 32. Bc7 b6 33. b4
axb4 34. c4 Rc5 35. Bxb6 Rxc4 36. b3 Rcc2 37. Be3 Be5 38. Rf1 Rb2 39. Bc5 Rxb3
40. f4 Rbb2 0-1

[Event "Lloyds Bank Masters 18th"]
[Site "London"]
[Date "1994.08.27"]
[Round "8"]
[White "Gallagher, Joseph G"]
[Black "Sareen, Vishal"]
[Result "1-0"]
[WhiteElo "2470"]
[BlackElo "2310"]
[PlyCount "76"]
[EventDate "1994.08.20"]
[EventType "swiss"]
[EventRounds "10"]
[EventCountry "ENG"]
[SourceTitle "BritBase"]

1. e4 c5 2. Nf3 Nc6 3. d4 cxd4 4. Nxd4 Nf6 5. Nc3 e5 6. Ndb5 d6 7. Bg5 a6 8.
Na3 b5 9. Bxf6 gxf6 10. Nd5 f5 11. c3 Bg7 12. exf5 Bxf5 13. Nc2 Be6 14. g3 Rb8
15. Bg2 O-O 16. O-O a5 17. a3 f5 18. Re1 Qd7 19. Nf4 Bf7 20. Nh5 Bxh5 21. Qxh5
d5 22. Rad1 e4 23. Bh3 Qe6 24. g4 Rbd8 25. gxf5 Qh6 26. Qxh6 Bxh6 27. Bf1 b4
28. Rxd5 Rxd5 29. Bc4 Rfxf5 30. Rd1 Rg5+ 31. Kf1 Ne7 32. axb4 axb4 33. Nxb4 Kf8
34. Nxd5 Nxd5 35. Bxd5 Re5 36. c4 e3 37. fxe3 Rxe3 38. b4 Rb3 {time} 1-0

[Event "Lloyds Bank Masters 18th"]
[Site "London"]
[Date "1994.08.27"]
[Round "8"]
[White "Griffiths, Paul V"]
[Black "Odeh, Kenneth"]
[Result "1-0"]
[WhiteElo "2245"]
[BlackElo "2005"]
[PlyCount "41"]
[EventDate "1994.08.20"]
[EventType "swiss"]
[EventRounds "10"]
[EventCountry "ENG"]
[SourceTitle "BritBase"]

1. e4 e5 2. Nf3 Nc6 3. Bb5 Bc5 4. c3 d5 5. Nxe5 dxe4 6. Nxc6 Qf6 7. Nd4+ Bd7 8.
Bxd7+ Kxd7 9. Qg4+ Ke8 10. Qxe4+ Ne7 11. Qxb7 Rc8 12. Qb5+ c6 13. Qxc5 Rc7 14.
O-O Kd7 15. d3 Rd8 16. Bg5 Qd6 17. Bxe7 Qxe7 18. Qf5+ Ke8 19. Nd2 g6 20. Qf4 c5
21. Rae1 1-0

[Event "Lloyds Bank Masters 18th"]
[Site "London"]
[Date "1994.08.27"]
[Round "8"]
[White "Harakis, Alexis"]
[Black "McMichael, Richard"]
[Result "0-1"]
[WhiteElo "2210"]
[BlackElo "2305"]
[PlyCount "52"]
[EventDate "1994.08.20"]
[EventType "swiss"]
[EventRounds "10"]
[EventCountry "ENG"]
[SourceTitle "BritBase"]

1. d4 Nf6 2. c4 d6 3. Nc3 e5 4. d5 Bf5 5. g3 Nbd7 6. Bg2 a5 7. e4 Bg6 8. Nge2
h5 9. h3 Be7 10. Be3 h4 11. g4 Nh7 12. f4 exf4 13. Bxf4 Bg5 14. Bh2 Qe7 15. O-O
O-O 16. Nd4 Rae8 17. Nf5 Bxf5 18. gxf5 Nc5 19. Qc2 Qf6 20. Rad1 Re7 21. Rfe1
Rfe8 22. a3 Qh6 23. b4 axb4 24. axb4 Na6 25. Rb1 Bf4 26. Qf2 Bd2 0-1

[Event "Lloyds Bank Masters 18th"]
[Site "London"]
[Date "1994.08.27"]
[Round "8"]
[White "Hebden, Mark"]
[Black "Psakhis, Lev"]
[Result "1/2-1/2"]
[WhiteElo "2520"]
[BlackElo "2605"]
[PlyCount "38"]
[EventDate "1994.08.20"]
[EventType "swiss"]
[EventRounds "10"]
[EventCountry "ENG"]
[SourceTitle "BritBase"]

1. d4 Nf6 2. Nf3 e6 3. c4 b6 4. g3 Ba6 5. b3 Bb7 6. Bg2 Bb4+ 7. Bd2 a5 8. O-O
O-O 9. Qc2 h6 10. Re1 d5 11. Nc3 Re8 12. Rad1 Na6 13. Ne5 c5 14. dxc5 bxc5 15.
e4 Bxc3 16. Qxc3 d4 17. Qd3 Nb4 18. Bxb4 axb4 19. Rd2 Nd7 1/2-1/2

[Event "Lloyds Bank Masters 18th"]
[Site "London"]
[Date "1994.08.27"]
[Round "8"]
[White "Houska, Miroslav"]
[Black "Babar, Michael"]
[Result "1-0"]
[WhiteElo "2200"]
[BlackElo "2150"]
[PlyCount "61"]
[EventDate "1994.08.20"]
[EventType "swiss"]
[EventRounds "10"]
[EventCountry "ENG"]
[SourceTitle "BritBase"]

1. e4 e5 2. Nf3 d6 3. d4 exd4 4. Nxd4 Nf6 5. Nc3 Be7 6. Bd3 Bd7 7. f4 Nc6 8.
Nf5 Bxf5 9. exf5 h5 10. Bb5 Qd7 11. Nd5 a6 12. Ba4 Rc8 13. O-O b5 14. Bb3 Qxf5
15. Re1 Kf8 16. a4 b4 17. Nxe7 Nxe7 18. Qe2 Ng6 19. Qxa6 Re8 20. Rxe8+ Nxe8 21.
Qc4 Rh6 22. Qd5 Qxd5 23. Bxd5 Ne7 24. Bf3 d5 25. Be3 Rc6 26. a5 Nf6 27. a6 Nc8
28. Bd1 d4 29. Bxd4 Nd7 30. a7 Nxa7 31. Bxa7 1-0

[Event "Lloyds Bank Masters 18th"]
[Site "London"]
[Date "1994.08.27"]
[Round "8"]
[White "Howell, James C"]
[Black "Sowray, Peter J"]
[Result "1/2-1/2"]
[WhiteElo "2505"]
[BlackElo "2335"]
[PlyCount "139"]
[EventDate "1994.08.20"]
[EventType "swiss"]
[EventRounds "10"]
[EventCountry "ENG"]
[SourceTitle "BritBase"]

1. e4 c5 2. Nf3 d6 3. d4 Nf6 4. Nc3 cxd4 5. Nxd4 a6 6. Bg5 e6 7. f4 Qb6 8. Nb3
Nbd7 9. Qf3 Qc7 10. a4 b6 11. Bd3 Bb7 12. O-O g6 13. Rf2 Bg7 14. Raf1 O-O 15.
Qh3 Nc5 16. f5 Nfd7 17. Nxc5 Qxc5 18. fxe6 Bd4 19. Bh6 Ne5 20. Nd1 Bc8 21. Bxf8
Bxe6 22. Bxd6 Qxd6 23. Qg3 Qc5 24. Kh1 Bxf2 25. Nxf2 Nxd3 26. cxd3 Qd4 27. e5
Rd8 28. Qg5 Rd5 29. Ne4 Rxe5 30. Qh4 Qxd3 31. Nf6+ Kf8 32. Rg1 h5 33. Qb4+ Kg7
34. Ne8+ Kg8 35. Nf6+ Kg7 36. Ne8+ Kg8 37. Qxb6 Bd5 38. Nf6+ Kg7 39. Nxd5 Rxd5
40. h3 a5 41. b4 axb4 42. Qxb4 Qf5 43. Re1 Qg5 44. Rf1 Ra5 45. Qc4 Qd5 46. Qf4
Qe6 47. Qd4+ Qe5 48. Qc4 Qd5 49. Qf4 Qe6 50. Kh2 Rf5 51. Qd4+ Qe5+ 52. Qxe5+
Rxe5 53. Ra1 Ra5 54. Kg3 Kf6 55. Kf4 Ke6 56. Ke4 g5 57. Kd4 Kd6 58. Ra2 h4 59.
Kc4 Kc6 60. Kb4 Re5 61. Rd2 Re4+ 62. Ka5 g4 63. hxg4 Rxg4 64. Rf2 Kb7 65. Rxf7+
Kb8 66. Rf2 Rg3 67. Kb6 Rg6+ 68. Kc5 Rg3 69. Kb6 Rg6+ 70. Kc5 1/2-1/2

[Event "Lloyds Bank Masters 18th"]
[Site "London"]
[Date "1994.08.27"]
[Round "8"]
[White "Jakubovics, Nicholas"]
[Black "Marley, Justin C"]
[Result "1-0"]
[WhiteElo "2255"]
[BlackElo "2100"]
[PlyCount "85"]
[EventDate "1994.08.20"]
[EventType "swiss"]
[EventRounds "10"]
[EventCountry "ENG"]
[SourceTitle "BritBase"]

1. e4 c5 2. Nf3 d6 3. d3 Nc6 4. g3 g6 5. Bg2 Bg7 6. O-O Bg4 7. h3 Bd7 8. c3 Nf6
9. Re1 O-O 10. d4 e6 11. dxc5 dxc5 12. e5 Nd5 13. c4 Nb6 14. Qe2 Ne7 15. Nc3
Bc6 16. Ne4 Nd7 17. Bf4 h6 18. h4 Nf5 19. Rad1 Qe7 20. Kh2 Kh7 21. Rh1 Rh8 22.
g4 Nxh4 23. Nxh4 Qxh4+ 24. Kg1 Qe7 25. Bg5 Qe8 26. Bxh6 Bxh6 27. g5 Kg8 28.
gxh6 Qe7 29. Rxd7 Bxd7 30. Nf6+ Kf8 31. h7 Bc6 32. Qe3 Qd8 33. Bxc6 bxc6 34.
Qxc5+ Kg7 35. Qe3 Kf8 36. Kg2 Rb8 37. Rh4 Rb7 38. Rd4 Qc8 39. Qh6+ Ke7 40. Qg7
Rxh7 41. Nxh7 Rxb2 42. Qf6+ Ke8 43. Qh8+ 1-0